[Event "IECC CL2-2013.02 email"]
[Site "IECC email"]
[Date "2013.05.21"]
[Round "?"]
[White "Elliott, Thomas"]
[Black "Agulnick, Michael"]
[Result "1/2-1/2"]
[WhiteElo "2007"]
[BlackElo "2022"]
[PlyCount "52"]
[EventDate "2013.??.??"]
[EventType "tourn (corr)"]
[EventRounds "4"]
[SourceTitle "Telechess CBM 165"]
[Source "ChessBase"]
[SourceDate "2015.03.11"]
[SourceVersion "1"]
[SourceVersionDate "2015.03.11"]
[SourceQuality "1"]
[BlackTeam "US of America"]
[BlackTeamCountry "USA"]

1. Nf3 Nf6 2. g3 c5 3. Bg2 Nc6 4. 0-0 e5 5. d3 d5 6. Nbd2 Be7 7. e4 dxe4 8. dxe4 Qc7 9. c3 0-0 10. b3 Rd8 11. Qe2 h6 12. Bb2 Be6 13. Rfd1 Rd7 14. Nc4 Rad8 15. Rxd7 Rxd7 16. Bf1 a6 17. Qc2 Ng4 18. h3 Nf6 19. Ne3 Qd8 20. Re1 b5 21. Bc1 Bf8 22. g4 Ne8 23. Nf5 Nf6 24. Ne3 Ne8 25. Nf5 Nf6 26. Ne3 Ne8 1/2-1/2

[Event "IECC CL2-2012.06 email"]
[Site "IECC email"]
[Date "2012.12.19"]
[Round "?"]
[White "Elliott, Thomas"]
[Black "Cravens, Dennis"]
[Result "1/2-1/2"]
[WhiteElo "1989"]
[BlackElo "2117"]
[PlyCount "93"]
[EventDate "2012.??.??"]
[EventType "tourn (corr)"]
[EventRounds "4"]
[SourceTitle "Telechess CBM 165"]
[Source "ChessBase"]
[SourceDate "2015.03.11"]
[SourceVersion "1"]
[SourceVersionDate "2015.03.11"]
[SourceQuality "1"]
[BlackTeam "US of America"]
[BlackTeamCountry "USA"]

1. d4 Nf6 2. c4 e6 3. Nc3 d5 4. cxd5 exd5 5. Bg5 Be7 6. e3 0-0 7. Bd3 c5 8. Nge2 cxd4 9. Nxd4 h6 10. Bh4 Nc6 11. 0-0 Be6 12. Bc2 Nxd4 13. Qxd4 Qa5 14. Qd3 Rfd8 15. Ne2 Rac8 16. Nd4 Qb6 17. Rad1 a5 18. Bxf6 Bxf6 19. Qh7+ Kf8 20. h3 Bxd4 21. exd4 Qc7 22. Bb1 Qf4 23. Rfe1 Qg5 24. Re3 Rc6 25. Bc2 Rdc8 26. Rg3 Qf4 27. Qxg7+ Ke7 28. Bb3 Rc1 29. Rf3 Rxd1+ 30. Bxd1 Qc1 31. Qf6+ Kd7 32. Rd3 Qb1 33. Qf3 Qxb2 34. Bb3 Rc1+ 35. Kh2 Qa3 36. g3 Kc8 37. Kg2 Qb4 38. g4 Qe1 39. Rd1 Rxd1 40. Qxd1 Qb4 41. Qd3 Kd8 42. Bd1 b5 43. h4 Qb2 44. g5 Qc1 45. gxh6 Qxh6 46. Qxb5 Qg7+ 47. Kf1 1/2-1/2

[Event "IECC CL3-2011.07 email"]
[Site "IECC email"]
[Date "2011.09.02"]
[Round "?"]
[White "Bascetta, Biagio J"]
[Black "Elliott, Thomas"]
[Result "1/2-1/2"]
[WhiteElo "1847"]
[BlackElo "1926"]
[PlyCount "57"]
[EventDate "2011.??.??"]
[EventType "tourn (corr)"]
[EventRounds "4"]
[SourceTitle "Telechess CBM 149"]
[Source "ChessBase"]
[SourceDate "2012.07.17"]
[SourceVersion "1"]
[SourceVersionDate "2012.07.17"]
[SourceQuality "1"]
[WhiteTeam "Italy"]
[BlackTeam "US of America"]
[WhiteTeamCountry "ITA"]
[BlackTeamCountry "USA"]

1. e4 c6 2. d4 d5 3. Nc3 dxe4 4. Nxe4 Bf5 5. Ng3 Bg6 6. h4 h6 7. Nf3 Nd7 8. h5 Bh7 9. Bd3 Bxd3 10. Qxd3 e6 11. Bf4 Ngf6 12. 0-0-0 Qa5 13. Kb1 Be7 14. Ne5 0-0 15. Nxd7 Nxd7 16. Ne4 Nf6 17. g4 Rad8 18. Rhg1 Nxe4 19. Qxe4 Qd5 20. Qe2 b5 21. Be5 b4 22. g5 hxg5 23. h6 f6 24. hxg7 Rf7 25. Bc7 Rd7 26. Bh2 Rxg7 27. f4 gxf4 28. Rxg7+ Kxg7 29. Bxf4 1/2-1/2

[Event "IECC CL3-2011.05 email"]
[Site "IECC email"]
[Date "2011.06.09"]
[Round "?"]
[White "Elliott, Thomas"]
[Black "Anil, Ali Fazil"]
[Result "1-0"]
[WhiteElo "1927"]
[BlackElo "1920"]
[PlyCount "73"]
[EventDate "2011.??.??"]
[EventType "tourn (corr)"]
[EventRounds "4"]
[SourceTitle "Telechess CBM 149"]
[Source "ChessBase"]
[SourceDate "2012.07.17"]
[SourceVersion "1"]
[SourceVersionDate "2012.07.17"]
[SourceQuality "1"]
[WhiteTeam "US of America"]
[BlackTeam "Turkey"]
[WhiteTeamCountry "USA"]
[BlackTeamCountry "TUR"]

1. Nf3 f5 2. g3 Nf6 3. Bg2 e6 4. 0-0 Be7 5. c4 0-0 6. d4 d6 7. Nc3 Ne4 8. Qc2 Nxc3 9. bxc3 Nc6 10. d5 Na5 11. Rb1 e5 12. c5 b6 13. c6 Ba6 14. Bh3 Bc8 15. Bg2 Ba6 16. Re1 Bc4 17. Nd2 Bg5 18. Nb3 Nxb3 19. axb3 Bxc1 20. Rbxc1 Ba6 21. e3 Qf6 22. Ra1 Bc8 23. Ra4 a6 24. Rea1 g5 25. Bf1 f4 26. exf4 gxf4 27. Bd3 Rf7 28. Bxa6 fxg3 29. hxg3 Bxa6 30. Rxa6 Raf8 31. R6a2 Qf3 32. c4 Rf6 33. Qe2 Qxb3 34. Ra3 Qb4 35. Ra8 Qb3 36. Rc8 Rxf2 37. Qg4+ 1-0

[Event "IECC CL3-2011.05 email"]
[Site "IECC email"]
[Date "2011.06.09"]
[Round "?"]
[White "Elliott, Thomas"]
[Black "Reed, Arthur F"]
[Result "1/2-1/2"]
[WhiteElo "1928"]
[BlackElo "1923"]
[PlyCount "45"]
[EventDate "2011.??.??"]
[EventType "tourn (corr)"]
[EventRounds "4"]
[SourceTitle "Telechess CBM 145"]
[Source "Chessbase"]
[SourceDate "2011.11.11"]
[SourceVersion "1"]
[SourceVersionDate "2011.11.11"]
[SourceQuality "1"]
[WhiteTeam "US of America"]
[BlackTeam "England"]
[WhiteTeamCountry "USA"]
[BlackTeamCountry "ENG"]

1. Nf3 Nf6 2. g3 b5 3. Bg2 Bb7 4. 0-0 e6 5. d4 c5 6. c3 cxd4 7. cxd4 Be7 8. Bg5 0-0 9. Nbd2 a6 10. Qb3 Nc6 11. a4 Qb6 12. axb5 Na5 13. Qd3 axb5 14. Ne5 Bxg2 15. Kxg2 h6 16. Bxf6 Bxf6 17. Rfc1 Qb7+ 18. e4 Bxe5 19. dxe5 Nc4 20. Rxa8 Rxa8 21. Nxc4 bxc4 22. Rxc4 Qxb2 23. Qxd7 1/2-1/2

[Event "IECC CL3-2011.02 email"]
[Site "IECC email"]
[Date "2011.04.11"]
[Round "?"]
[White "Roldan Ortiz, Antonio Jose"]
[Black "Elliott, Thomas"]
[Result "0-1"]
[WhiteElo "1911"]
[BlackElo "1912"]
[PlyCount "68"]
[EventDate "2011.??.??"]
[EventType "tourn (corr)"]
[EventRounds "4"]
[SourceTitle "Telechess CBM 145"]
[Source "Chessbase"]
[SourceDate "2011.11.11"]
[SourceVersion "1"]
[SourceVersionDate "2011.11.11"]
[SourceQuality "1"]
[WhiteTeam "Spain"]
[BlackTeam "US of America"]
[WhiteTeamCountry "ESP"]
[BlackTeamCountry "USA"]

1. e4 c6 2. d4 d5 3. e5 e6 4. Nf3 c5 5. c3 Nc6 6. Bd3 Nge7 7. 0-0 Ng6 8. Be3 Be7 9. Re1 Qb6 10. b3 cxd4 11. cxd4 Bd7 12. Nc3 Nb4 13. Bb1 Rc8 14. Ne2 0-0 15. a3 Nc6 16. Bg5 Bxg5 17. Nxg5 h6 18. Nf3 Na5 19. b4 Nc4 20. h4 Qd8 21. g3 Qe8 22. Kg2 Bb5 23. h5 Ne7 24. g4 f6 25. exf6 Rxf6 26. Qd3 g6 27. g5 Rf8 28. hxg6 Nf5 29. Qb3 Nfe3+ 30. fxe3 Rxf3 31. Ng1 Nd2 32. Qd1 Bf1+ 33. Rxf1 Rxf1 34. Qxd2 Rcc1 0-1

[Event "IECC CL3-2010.09 email"]
[Site "IECC email"]
[Date "2011.01.30"]
[Round "?"]
[White "Cravens, Dennis"]
[Black "Elliott, Thomas"]
[Result "1/2-1/2"]
[WhiteElo "1837"]
[BlackElo "1911"]
[PlyCount "106"]
[EventDate "2010.??.??"]
[EventType "tourn (corr)"]
[EventRounds "4"]
[SourceTitle "Telechess CBM 145"]
[Source "Chessbase"]
[SourceDate "2011.11.11"]
[SourceVersion "1"]
[SourceVersionDate "2011.11.11"]
[SourceQuality "1"]
[WhiteTeam "US of America"]
[BlackTeam "US of America"]
[WhiteTeamCountry "USA"]
[BlackTeamCountry "USA"]

1. e4 c6 2. d4 d5 3. e5 Bf5 4. Nf3 e6 5. Be2 c5 6. 0-0 Nc6 7. c3 cxd4 8. cxd4 Nge7 9. Be3 Bg4 10. Nbd2 Nf5 11. Qb3 Qd7 12. h3 Bh5 13. g4 Nxe3 14. Qxe3 Bg6 15. Nh4 a6 16. Nxg6 hxg6 17. a3 Be7 18. b4 0-0 19. Rac1 Rac8 20. Nb3 g5 21. Nc5 Bxc5 22. Rxc5 f6 23. exf6 Rxf6 24. b5 axb5 25. Bxb5 Qf7 26. f3 Rf4 27. Kg2 Qf6 28. Re1 Rf8 29. Qxe6+ Qxe6 30. Rxe6 Nxd4 31. Re3 Nxf3 32. Rxd5 Nh4+ 33. Kg1 Rf2 34. Rd1 Rg2+ 35. Kh1 Rb2 36. a4 Kh7 37. Rde1 Rff2 38. R3e2 Rbxe2 39. Rxe2 Rxe2 40. Bxe2 b6 41. Bd3+ Kg8 42. Kg1 Kf7 43. Kf2 Ke6 44. Be4 Kd6 45. Ke2 Kc5 46. Kd3 Kb4 47. Bc6 Kc5 48. Bb5 Kd5 49. Bc4+ Ke5 50. Kc3 Ng2 51. Bd3 Nf4 52. Kc4 Nxd3 53. Kxd3 Kd6 1/2-1/2

[Event "IECC CL3-2010.09 email"]
[Site "IECC email"]
[Date "2011.01.30"]
[Round "?"]
[White "Van der Mark, Niels"]
[Black "Elliott, Thomas"]
[Result "1-0"]
[WhiteElo "1931"]
[BlackElo "1908"]
[PlyCount "27"]
[EventDate "2010.??.??"]
[EventType "tourn (corr)"]
[EventRounds "4"]
[SourceTitle "Corr 2013"]
[Source "ChessBase"]
[SourceDate "2012.11.12"]
[SourceVersion "1"]
[SourceVersionDate "2012.11.12"]
[SourceQuality "1"]
[WhiteTeam "Netherlands"]
[BlackTeam "US of America"]
[WhiteTeamCountry "NED"]
[BlackTeamCountry "USA"]

1. e4 c6 2. Nc3 d5 3. Nf3 Bg4 4. h3 Bxf3 5. Qxf3 e6 6. d3 Nd7 7. Bd2 Ngf6 8. g4 h6 9. 0-0-0 Bb4 10. h4 d4 11. Nb1 Bxd2+ 12. Nxd2 Qe7 13. g5 0-0-0 14. gxf6 1-0

[Event "IECC KO-3072"]
[Site "IECC email"]
[Date "2009.12.10"]
[Round "?"]
[White "Lampon, Mario"]
[Black "Elliott, Thomas"]
[Result "1-0"]
[WhiteElo "1658"]
[BlackElo "1922"]
[PlyCount "35"]
[EventDate "2009.??.??"]
[EventType "tourn (corr)"]
[SourceTitle "Telechess CBM 149"]
[Source "ChessBase"]
[SourceDate "2012.07.17"]
[SourceVersion "1"]
[SourceVersionDate "2012.07.17"]
[SourceQuality "1"]
[WhiteTeam "Spain"]
[BlackTeam "US of America"]
[WhiteTeamCountry "ESP"]
[BlackTeamCountry "USA"]

1. c4 e5 2. Nc3 Nc6 3. g3 Bc5 4. Nf3 d6 5. e3 Nf6 6. Bg2 0-0 7. d4 Bb4 8. 0-0 Bxc3 9. bxc3 Bg4 10. h3 Bh5 11. g4 Bg6 12. Nh4 Be4 13. f3 Nd7 14. fxe4 Qxh4 15. Rb1 Rab8 16. Qe2 h5 17. gxh5 Qxh5 18. Qxh5 1-0

[Event "IECC Swiss-521"]
[Site "IECC email"]
[Date "2009.03.09"]
[Round "?"]
[White "Reinders, Johanneke"]
[Black "Elliott, Thomas"]
[Result "1-0"]
[WhiteElo "1652"]
[BlackElo "1934"]
[PlyCount "29"]
[EventDate "2009.??.??"]
[EventType "match (corr)"]
[SourceTitle "Corr 2013"]
[Source "ChessBase"]
[SourceDate "2012.11.12"]
[SourceVersion "1"]
[SourceVersionDate "2012.11.12"]
[SourceQuality "1"]
[WhiteTeam "France"]
[BlackTeam "Australia"]
[WhiteTeamCountry "FRA"]
[BlackTeamCountry "AUS"]

1. e4 c6 2. d4 d5 3. Nc3 dxe4 4. Nxe4 Bf5 5. Ng3 Bg6 6. N1e2 Nf6 7. Nf4 e5 8. Nxg6 hxg6 9. Be3 Qd5 10. dxe5 Qxe5 11. Qd4 Qxd4 12. Bxd4 Nbd7 13. 0-0-0 Bc5 14. h3 Rh5 15. Nxh5 1-0

[Event "IECC CL3-2009.01 email"]
[Site "IECC email"]
[Date "2009.02.08"]
[Round "?"]
[White "Llorente Alvarez, Jose Luis"]
[Black "Elliott, Thomas"]
[Result "1-0"]
[WhiteElo "1864"]
[BlackElo "1961"]
[PlyCount "51"]
[EventDate "2009.??.??"]
[EventType "tourn (corr)"]
[EventRounds "4"]
[SourceTitle "Corr 2011"]
[Source "ChessBase"]
[SourceDate "2010.08.31"]
[SourceVersion "1"]
[SourceVersionDate "2010.08.31"]
[SourceQuality "1"]
[WhiteTeam "Spain"]
[BlackTeam "US of America"]
[WhiteTeamCountry "ESP"]
[BlackTeamCountry "USA"]

1. e4 c6 2. d4 d5 3. exd5 cxd5 4. Nc3 Nf6 5. Bd3 Nc6 6. Nge2 e6 7. Bf4 a6 8. 0-0 Be7 9. h3 0-0 10. a3 Bd7 11. Qd2 Rc8 12. Qe3 Nh5 13. Bh2 g6 14. g4 Ng7 15. Rae1 f5 16. Kg2 e5 17. Nxd5 Bg5 18. f4 Be6 19. Ndc3 Bh4 20. dxe5 Bxe1 21. Rxe1 fxg4 22. hxg4 Bxg4 23. Bg3 Nf5 24. Bxf5 Bxf5 25. Rd1 h6 26. Rxd8 1-0

[Event "IECC CL3-2008.03 email"]
[Site "IECC email"]
[Date "2008.03.09"]
[Round "?"]
[White "Elliott, Thomas"]
[Black "Lorenzo, Alfredo"]
[Result "1/2-1/2"]
[WhiteElo "2002"]
[BlackElo "1837"]
[PlyCount "40"]
[EventDate "2008.??.??"]
[EventType "tourn (corr)"]
[EventRounds "4"]
[SourceTitle "Corr 2013"]
[Source "ChessBase"]
[SourceDate "2012.11.12"]
[SourceVersion "1"]
[SourceVersionDate "2012.11.12"]
[SourceQuality "1"]
[WhiteTeam "Poland"]
[BlackTeam "Spain"]
[WhiteTeamCountry "POL"]
[BlackTeamCountry "ESP"]

1. e4 d6 2. d4 Nf6 3. Nc3 g6 4. Be3 c6 5. h3 Nbd7 6. Nf3 Qc7 7. Qd2 b5 8. Bd3 Bb7 9. 0-0 Bg7 10. a3 0-0 11. Rfd1 a6 12. Bh6 c5 13. d5 c4 14. Be2 Nc5 15. Bxg7 Kxg7 16. Qe3 Rae8 17. b4 cxb3 18. cxb3 Nxb3 19. Nxb5 axb5 20. Qxb3 Nxe4 1/2-1/2

[Event "IECC CL3-2007.14 email"]
[Site "IECC email"]
[Date "2007.12.24"]
[Round "?"]
[White "Elliott, Thomas"]
[Black "Christensen, Jesper Durr"]
[Result "0-1"]
[WhiteElo "1997"]
[BlackElo "1945"]
[PlyCount "26"]
[EventDate "2007.??.??"]
[EventType "tourn (corr)"]
[EventRounds "4"]
[SourceTitle "Corr 2015"]
[Source "ChessBase"]
[SourceDate "2015.07.17"]
[SourceVersion "1"]
[SourceVersionDate "2015.07.17"]
[SourceQuality "1"]
[WhiteTeam "US of America"]
[BlackTeam "Denmark"]
[WhiteTeamCountry "USA"]
[BlackTeamCountry "DEN"]

1. e4 e5 2. Nf3 Nc6 3. Bb5 a6 4. Ba4 Nf6 5. 0-0 Be7 6. Bxc6 dxc6 7. Nc3 Bg4 8. h3 Bh5 9. g4 Nxg4 10. hxg4 Bxg4 11. Kg2 Qc8 12. Rg1 f5 13. exf5 Qxf5 0-1

[Event "IECC Swiss-521.2"]
[Site "IECC email"]
[Date "2007.08.23"]
[Round "?"]
[White "Odendahl, Marcel"]
[Black "Elliott, Thomas"]
[Result "1-0"]
[WhiteElo "1577"]
[BlackElo "2026"]
[PlyCount "67"]
[EventDate "2007.??.??"]
[EventType "swiss (corr)"]
[EventRounds "1"]
[SourceTitle "Corr 2011"]
[Source "ChessBase"]
[SourceDate "2010.08.31"]
[SourceVersion "1"]
[SourceVersionDate "2010.08.31"]
[SourceQuality "1"]
[WhiteTeam "England"]
[BlackTeam "Poland"]
[WhiteTeamCountry "ENG"]
[BlackTeamCountry "POL"]

1. c4 c5 2. Nf3 Nc6 3. d4 cxd4 4. Nxd4 e6 5. Nc3 Nf6 6. g3 Qb6 7. Ndb5 Ne5 8. Bg2 a6 9. Qa4 Rb8 10. Na3 Bxa3 11. bxa3 Qd4 12. Qb4 Nxc4 13. Bf4 e5 14. Rd1 a5 15. Rxd4 axb4 16. Rxc4 exf4 17. axb4 fxg3 18. hxg3 b6 19. g4 d6 20. g5 Ng4 21. Rc7 Bd7 22. Bh3 h5 23. f3 Ne5 24. Bxd7+ Nxd7 25. Kf2 Kd8 26. Nb5 Ke7 27. Nd4 Rbg8 28. f4 d5 29. Rhc1 g6 30. Nf3 Ra8 31. Ne5 Rhd8 32. Rb7 Rab8 33. Rxd7+ Rxd7 34. Nc6+ 1-0

[Event "IECC CL2-2004.38 email"]
[Site "IECC email"]
[Date "2005.01.08"]
[Round "?"]
[White "Elliott, Thomas"]
[Black "Lannaioli, Alfonsino"]
[Result "0-1"]
[WhiteElo "2058"]
[BlackElo "2016"]
[PlyCount "96"]
[EventDate "2004.??.??"]
[EventType "tourn (corr)"]
[EventRounds "4"]
[SourceTitle "Corr 2015"]
[Source "ChessBase"]
[SourceDate "2015.07.17"]
[SourceVersion "1"]
[SourceVersionDate "2015.07.17"]
[SourceQuality "1"]

1. d4 d5 2. c4 e6 3. Nc3 Nf6 4. Bg5 Be7 5. e3 0-0 6. Nf3 h6 7. Bh4 b6 8. Qb3 Bb7 9. Bxf6 Bxf6 10. cxd5 exd5 11. Rd1 Re8 12. Bd3 c5 13. dxc5 Nd7 14. c6 Bxc6 15. 0-0 Nc5 16. Qc2 Rc8 17. Bf5 Ne6 18. Rd2 Bb7 19. e4 d4 20. Qa4 Nc5 21. Qa3 Ra8 22. Nxd4 Bxd4 23. Nb5 Qg5 24. Rxd4 Nxe4 25. Qh3 Nxf2 26. Kxf2 Bxg2 27. Rg1 Re5 28. Nd6 Bxh3 29. Rxg5 hxg5 30. Bxh3 Rd8 31. Bg2 f5 32. Nb5 Rxd4 33. Nxd4 Ra5 34. Bc6 Kh7 35. a4 Rc5 36. Bb5 g4 37. b4 Rc3 38. a5 bxa5 39. bxa5 Rc5 40. a6 Rd5 41. Ke3 Kg6 42. Bc4 f4+ 43. Ke4 Rd6 44. Ke5 Rf6 45. Be6 Kg5 46. Nf5 Rf8 47. Nd6 Kh4 48. Nb5 f3 0-1

[Event "IECC CL2-2004.38 email"]
[Site "IECC email"]
[Date "2005.01.08"]
[Round "?"]
[White "Elliott, Thomas"]
[Black "Malmstroem, Jan"]
[Result "1/2-1/2"]
[WhiteElo "2028"]
[BlackElo "2034"]
[PlyCount "71"]
[EventDate "2004.??.??"]
[EventType "tourn (corr)"]
[EventRounds "4"]
[SourceTitle "Corr 2015"]
[Source "ChessBase"]
[SourceDate "2015.07.17"]
[SourceVersion "1"]
[SourceVersionDate "2015.07.17"]
[SourceQuality "1"]

1. d4 Nf6 2. c4 e6 3. g3 d5 4. Nf3 c5 5. cxd5 Nxd5 6. Bg2 cxd4 7. Nxd4 Bc5 8. 0-0 0-0 9. Nb3 Bb6 10. e4 Nf6 11. Qxd8 Rxd8 12. Bg5 Nbd7 13. Rd1 h6 14. Bxf6 Nxf6 15. Rxd8+ Bxd8 16. Nc3 e5 17. Nd5 Be6 18. Nc5 Bxd5 19. exd5 Bb6 20. Nxb7 Rc8 21. b4 Rc2 22. Nc5 Rd2 23. a3 Nxd5 24. Re1 f6 25. Rc1 f5 26. Bxd5+ Rxd5 27. Na4 e4 28. Nxb6 axb6 29. Kf1 Kf8 30. Rc7 Rd8 31. Ra7 g5 32. Rb7 Rd6 33. a4 f4 34. Ke1 Rc6 35. Kd2 Rd6+ 36. Ke2 1/2-1/2

[Event "IECC CL2-2004.37 email"]
[Site "IECC email"]
[Date "2004.12.30"]
[Round "?"]
[White "Elliott, Thomas"]
[Black "Belov, Dmitry"]
[Result "1/2-1/2"]
[WhiteElo "2057"]
[BlackElo "2086"]
[PlyCount "80"]
[EventDate "2004.??.??"]
[EventType "tourn (corr)"]
[EventRounds "4"]
[SourceTitle "Corr 2008"]
[Source "ChessBase"]
[SourceDate "2008.06.24"]
[SourceVersion "1"]
[SourceVersionDate "2008.06.24"]
[SourceQuality "1"]

1. d4 d5 2. c4 c6 3. Nf3 Nf6 4. Nc3 e6 5. Bg5 dxc4 6. e4 b5 7. e5 h6 8. Bh4 g5 9. exf6 gxh4 10. Ne5 Qxf6 11. Be2 h3 12. Bh5 hxg2 13. Rg1 Rh7 14. Rxg2 Nd7 15. Qf3 Qxf3 16. Bxf3 Bb7 17. Nxb5 Nxe5 18. dxe5 0-0-0 19. Nc3 Rg7 20. Rd1 Rxd1+ 21. Kxd1 c5 22. Rg3 Rxg3 23. Bxb7+ Kxb7 24. hxg3 Kc6 25. g4 Be7 26. f4 f6 27. exf6 Bxf6 28. Ke2 Kd7 29. Kf3 a6 30. Ke4 Kd6 31. Na4 Kc6 32. Nc3 a5 33. a4 Bd4 34. Nd1 Kd7 35. Ne3 Bxb2 36. Nxc4 Bc3 37. Kd3 Be1 38. Ne5+ Kd6 39. Nc4+ Ke7 40. Ne5 Kd6 1/2-1/2

[Event "IECC CL2-2004.37 email"]
[Site "IECC email"]
[Date "2004.12.30"]
[Round "?"]
[White "Horvath, Daniel"]
[Black "Elliott, Thomas"]
[Result "1-0"]
[WhiteElo "2112"]
[BlackElo "2040"]
[PlyCount "69"]
[EventDate "2004.??.??"]
[EventType "tourn (corr)"]
[EventRounds "4"]
[SourceTitle "Corr 2008"]
[Source "ChessBase"]
[SourceDate "2008.06.24"]
[SourceVersion "1"]
[SourceVersionDate "2008.06.24"]
[SourceQuality "1"]

1. e4 c6 2. d4 d5 3. e5 Bf5 4. Nf3 e6 5. Be2 Nd7 6. 0-0 Ne7 7. Nh4 Qb6 8. a4 c5 9. a5 Qc7 10. Nxf5 Nxf5 11. c3 Be7 12. Bd3 g6 13. Qe2 0-0 14. Re1 c4 15. Bxf5 exf5 16. Na3 Rfe8 17. Nc2 Rad8 18. Bh6 Nf8 19. Reb1 Ne6 20. b3 cxb3 21. Rxb3 f6 22. Rab1 Rd7 23. Rxb7 Qxb7 24. Rxb7 Rxb7 25. h3 Nc7 26. c4 fxe5 27. dxe5 Bf8 28. Bxf8 Kxf8 29. cxd5 Nxd5 30. Nd4 Rbe7 31. Qd2 Rc7 32. e6 Rc5 33. Qg5 Rec8 34. h4 Rc4 35. Nxf5 1-0

[Event "IECC CL2-2004.05 email"]
[Site "IECC email"]
[Date "2004.02.09"]
[Round "?"]
[White "Elliott, Thomas"]
[Black "Canizares Cuadra, Pedro"]
[Result "0-1"]
[WhiteElo "2064"]
[BlackElo "2009"]
[PlyCount "66"]
[EventDate "2004.??.??"]
[EventType "tourn (corr)"]
[EventRounds "4"]
[SourceTitle "Corr 2008"]
[Source "ChessBase"]
[SourceDate "2008.06.24"]
[SourceVersion "1"]
[SourceVersionDate "2008.06.24"]
[SourceQuality "1"]

1. d4 d5 2. c4 c6 3. Nf3 Nf6 4. Nc3 e6 5. Bg5 dxc4 6. e4 b5 7. e5 h6 8. Bh4 g5 9. exf6 gxh4 10. Ne5 Qxf6 11. a4 h3 12. g3 c5 13. f4 Bb7 14. Rg1 Nc6 15. axb5 Nxd4 16. b6 Qd8 17. Rxa7 Rxa7 18. bxa7 Bg7 19. Qa4+ Kf8 20. Be2 Bxe5 21. fxe5 Kg7 22. Rf1 Qc7 23. Rf4 Ra8 24. Kf2 Bg2 25. Bh5 Nf5 26. Ne2 Bc6 27. Qxc4 Qxe5 28. Qa6 Qc7 29. Bg4 Nd6 30. Bxh3 Ne4+ 31. Kg1 Ng5 32. Bg4 Rxa7 33. Qd3 Ba8 0-1

[Event "IECC CL2-2004.05 email"]
[Site "IECC email"]
[Date "2004.02.09"]
[Round "?"]
[White "Elliott, Thomas"]
[Black "Kleinsorgen, Horst M"]
[Result "0-1"]
[WhiteElo "2078"]
[BlackElo "2124"]
[PlyCount "88"]
[EventDate "2004.??.??"]
[EventType "tourn (corr)"]
[EventRounds "4"]
[SourceTitle "Corr 2008"]
[Source "ChessBase"]
[SourceDate "2008.06.24"]
[SourceVersion "1"]
[SourceVersionDate "2008.06.24"]
[SourceQuality "1"]

1. d4 d5 2. c4 c6 3. Nf3 dxc4 4. e3 b5 5. a4 e6 6. axb5 cxb5 7. b3 Bb4+ 8. Bd2 Bxd2+ 9. Nbxd2 a5 10. bxc4 b4 11. Ne5 Nf6 12. Qa4+ Bd7 13. Nxd7 Nbxd7 14. Nb3 Ne4 15. Nxa5 b3 16. Bd3 b2 17. Ra3 Nc3 18. Qb4 b1Q+ 19. Bxb1 Nxb1 20. Qxb1 Rxa5 21. Qa1 Rxa3 22. Qxa3 f5 23. 0-0 Qb8 24. f3 Kf7 25. e4 Rd8 26. exf5 exf5 27. Rd1 Nf6 28. Qd3 f4 29. d5 Rc8 30. d6 Qb6+ 31. Kf1 Qc5 32. Qe2 Re8 33. Qd3 Rd8 34. h3 h6 35. Qd4 Qxd4 36. Rxd4 Ke6 37. Rxf4 Rxd6 38. g4 g6 39. c5 Rc6 40. Ra4 Nd7 41. h4 Nxc5 42. Ra8 g5 43. hxg5 hxg5 44. Rh8 Ke5 0-1

[Event "IECC CL1-2003.02 email"]
[Site "IECC email"]
[Date "2003.03.15"]
[Round "?"]
[White "Elliott, Thomas"]
[Black "Ingersol, Harry"]
[Result "0-1"]
[WhiteElo "2073"]
[BlackElo "2260"]
[PlyCount "112"]
[EventDate "2003.??.??"]
[EventType "tourn (corr)"]
[EventRounds "4"]
[SourceTitle "Corr 2008"]
[Source "ChessBase"]
[SourceDate "2008.06.24"]
[SourceVersion "1"]
[SourceVersionDate "2008.06.24"]
[SourceQuality "1"]

1. d4 Nf6 2. c4 e6 3. Nc3 Bb4 4. a3 Bxc3+ 5. bxc3 c5 6. e3 0-0 7. Bd3 Nc6 8. Ne2 b6 9. e4 Ne8 10. 0-0 Ba6 11. f4 Na5 12. f5 cxd4 13. cxd4 exf5 14. Rxf5 Bxc4 15. Bc2 d5 16. e5 g6 17. Rf2 Ng7 18. Ng3 Nc6 19. Rf6 Qc7 20. Be3 Ne8 21. Rf3 f6 22. Bh6 Rf7 23. e6 Re7 24. Re3 Ng7 25. Qg4 Rf8 26. Bf5 Qd8 27. Rae1 b5 28. Qh4 Qe8 29. Bb1 f5 30. Kh1 a5 31. Bc2 f4 32. Bxf4 Rxe6 33. Rxe6 Nxe6 34. Bh6 Ncxd4 35. Qg4 Qf7 36. Bxf8 Kxf8 37. Bb1 Qf4 38. Qd1 Qf2 39. Rg1 Qe3 40. Qc1 Qxc1 41. Rxc1 b4 42. axb4 axb4 43. Kg1 Nb5 44. Re1 Nc5 45. Nf1 b3 46. Nd2 b2 47. Kf2 Nd3+ 48. Bxd3 Bxd3 49. Re6 Nc3 50. Rb6 b1Q 51. Nxb1 Nxb1 52. Rb7 h5 53. Ke3 Be4 54. g3 Na3 55. Kf4 Nc4 56. Rd7 Ke8 0-1

[Event "IECC CL2-2002.02"]
[Site "IECC email"]
[Date "2002.01.16"]
[Round "?"]
[White "Westin, Ake"]
[Black "Elliott, Thomas"]
[Result "1/2-1/2"]
[WhiteElo "2046"]
[BlackElo "2043"]
[PlyCount "107"]
[EventDate "2002.??.??"]
[EventType "tourn (corr)"]
[EventRounds "4"]
[SourceTitle "Corr 2008"]
[Source "ChessBase"]
[SourceDate "2008.06.24"]
[SourceVersion "1"]
[SourceVersionDate "2008.06.24"]
[SourceQuality "1"]

1. d4 Nf6 2. c4 g6 3. Nc3 d5 4. cxd5 Nxd5 5. e4 Nxc3 6. bxc3 Bg7 7. Bc4 c5 8. Ne2 0-0 9. 0-0 Nc6 10. Be3 cxd4 11. cxd4 Bg4 12. f3 Na5 13. Bxf7+ Rxf7 14. fxg4 Rxf1+ 15. Kxf1 Nc4 16. Qb3 b5 17. Kg1 Kh8 18. Bf2 Qd7 19. h3 Rf8 20. Rd1 Nd6 21. Ng3 Nc4 22. Qc2 Rc8 23. Qe2 a5 24. g5 Na3 25. d5 Rc2 26. Rd2 Rc1+ 27. Kh2 Qd6 28. Bd4 Bxd4 29. Rxd4 Qe5 30. Rd1 Rxd1 31. Qxd1 Nc4 32. a4 bxa4 33. Qf1 h5 34. Qf8+ Kh7 35. Qh6+ Kg8 36. Qxg6+ Kf8 37. Qh6+ Kg8 38. g6 Nd6 39. Qh7+ Kf8 40. g7+ Qxg7 41. Qxh5 Nf7 42. d6 Nxd6 43. Qd1 Qe5 44. Qxa4 Ne8 45. Qd7 Nf6 46. Qf5 Qxf5 47. exf5 a4 48. Ne2 a3 49. Nc1 Ne4 50. g4 Kf7 51. h4 e6 52. fxe6+ Kxe6 53. Kh3 Kf6 54. Kg2 1/2-1/2